| 000 | 00000nam 2200000zi 4500 |
| 001 | 9.921313 |
| 003 | CaOODSP |
| 005 | 20240314152357 |
| 006 | m o d f |
| 007 | cr cn||||||||| |
| 008 | 230327t20232023qucd o f000 0 fre d |
| 020 | |a9780660481968 |
| 040 | |aCaOODSP|bfre|erda|cCaOODSP |
| 043 | |an-cn--- |
| 086 | 1 |aPS4-299/2023F-PDF |
| 245 | 00|aCampagne de sensibilisation du public aux enjeux de sécurité relatifs aux armes à feu : |brapport final intégré / |cpréparé à l'intention de Sécurité publique Canada. |
| 264 | 1|aGatineau, QC : |bGouvernement du Canada = Government of Canada, |c2023. |
| 264 | 4|c©2023 |
| 300 | |a1 ressource en ligne (102 pages) : |bgraphiques + |e1 sommaire (9 pages) |
| 336 | |atexte|btxt|2rdacontent/fre |
| 337 | |ainformatique|bc|2rdamedia/fre |
| 338 | |aressource en ligne|bcr|2rdacarrier/fre |
| 500 | |aTitre de la couverture. |
| 500 | |a« juin 2023. » |
| 500 | |a« Nom de la firme de recherche : Les Associés de recherche Ekos Inc. » |
| 500 | |a« Numéro de contrat : CW2246850. » |
| 500 | |a« Numéro d'enregistrement : ROP 076-22. » |
| 500 | |aPublié aussi en anglais sous le titre : Firearms safety public awareness campaign : final integrated report. |
| 520 | |a« En 2021, Sécurité publique Canada a lancé une campagne de sensibilisation sur les armes à feu, qui informait les Canadiens que le gouvernement du Canada prenait des mesures pour prévenir la violence liée aux armes à feu en interdisant les armes à feu de style arme d'assaut, entre autres mesures, et qu'il avait l'intention de mettre en Ĺ“uvre d'autres lois et modifications réglementaires relatives aux armes à feu. La campagne pluriannuelle se fonde sur des données probantes et s'appuie sur une variété de points de vue issus de recherches sur l'opinion publique menées auprès du public cible » -- Sommaire, page 8. |
| 650 | 6|aArmes à feu|xDroit|zCanada|xOpinion publique. |
| 650 | 6|aPublicité d'État|zCanada|xOpinion publique. |
| 650 | 6|aCampagnes publicitaires|zCanada|xOpinion publique. |
| 650 | 6|aOpinion publique|zCanada. |
| 710 | 1 |aCanada. |bSécurité publique Canada, |eorganisme de publication. |
| 710 | 2 |aAssociés de recherche Ekos, |econsultant. |
| 775 | 08|tFirearms safety public awareness campaign : |w(CaOODSP)9.921314 |
| 856 | 40|qPDF|s1.25 Mo|uhttps://publications.gc.ca/collections/collection_2023/sp-ps/PS4-299-2023-fra.pdf|zRapport final intégré |
| 856 | 40|qPDF|s373 Ko|uhttps://publications.gc.ca/collections/collection_2023/sp-ps/PS4-299-2023-1-fra.pdf|zSommaire |
| 856 | 4 |qHTML|sS.O.|uhttps://epe.bac-lac.gc.ca/100/200/301/pwgsc-tpsgc/por-ef/public_safety_canada/2023/076-22-f/rapport.HTML|zRapport final intégré |
| 856 | 4 |qHTML|sS.O.|uhttps://epe.bac-lac.gc.ca/100/200/301/pwgsc-tpsgc/por-ef/public_safety_canada/2023/076-22-f/sommaire/sommaire.HTML|zSommaire |